Indian Constitution/ (Record no. 213920)
[ view plain ]
| 000 -LEADER | |
|---|---|
| fixed length control field | 00529nam a22001937a 4500 |
| 005 - DATE AND TIME OF LATEST TRANSACTION | |
| control field | 20251215124259.0 |
| 010 ## - LCCN (DPL NO) | |
| LC control number | ENG-147319 |
| 020 ## - INTERNATIONAL STANDARD BOOK NUMBER | |
| International Standard Book Number | 9789392080111 |
| Terms of availability | 125.00 |
| 035 ## - SYSTEM CONTROL NUMBER | |
| System control number | EN-130851 |
| 037 ## - SOURCE OF ACQUISITION | |
| Source of stock number/acquisition | DBAD |
| 082 ## - DEWEY DECIMAL CLASSIFICATION NUMBER | |
| Classification number | 342.54 |
| Edition number | 1 |
| 100 ## - MAIN ENTRY--PERSONAL NAME | |
| Personal name | Harpreet Kaur |
| 245 ## - TITLE STATEMENT | |
| Title | Indian Constitution/ |
| Statement of responsibility, etc | Harpreet Kaur |
| 250 ## - EDITION STATEMENT | |
| Edition statement | 1 |
| 260 ## - PUBLICATION, DISTRIBUTION, ETC. (IMPRINT) | |
| Place of publication, distribution, etc | New Delhi |
| Name of publisher, distributor, etc | Kitab Mahal |
| Date of publication, distribution, etc | 2022 |
| 270 ## - ADDRESS | |
| Address | 4655/21, Ansari Road, Daryaganj |
| City | Delhi |
| Postal code | 110002 |
| 300 ## - PHYSICAL DESCRIPTION | |
| Extent | 136p. |
| Dimensions | 21cm(pb) |
| 942 ## - ADDED ENTRY ELEMENTS (KOHA) | |
| Source of classification or shelving scheme | Dewey Decimal Classification |
| Item type | English Books |
| Call number suffix | HAR |
| Classification part | 342.54 |
| Withdrawn status | Lost status | Not for loan | Collection code | Home library | Current library | Date acquired | Source of acquisition | Cost, normal purchase price | Full call number | Barcode | Copy number | Cost, replacement price | Koha item type |
|---|---|---|---|---|---|---|---|---|---|---|---|---|---|
| Non-fiction | Janak Puri | Janak Puri | 15/12/2025 | Delivery of Books Act Division | 125.00 | HAR 342.54 | EN-130851 | 1 | 125.00 | English Books |
